[Event "Sunway Sitges Open 2017"]
[Site "Sitges ESP"]
[Date "2017.12.21"]
[Round "7.16"]
[White "Predke, Alexandr"]
[Black "Khademalsharieh, Sarasadat"]
[Result "1-0"]
[WhiteTitle "GM"]
[BlackTitle "IM"]
[WhiteElo "2599"]
[BlackElo "2406"]
[WhiteFideId "24107581"]
[BlackFideId "12512214"]
[EventDate "2017.12.15"]

1. e4 e5 2. Nf3 Nc6 3. Bb5 a6 4. Ba4 d6 5. O-O Bd7 6. d4 b5 7. Bb3 Nxd4 8. Nxd4
exd4 9. c3 dxc3 10. Qh5 Qf6 11. Nxc3 c6 12. f4 b4 13. Na4 Be7 14. Qe2 Be6 15.
Nb6 Rb8 16. Be3 Bxb3 17. axb3 Qe6 18. Qc2 c5 19. f5 Qe5 20. Nc4 Qf6 21. Rxa6 1-0

[Event "Sunway Sitges Open 2017"]
[Site "Sitges ESP"]
[Date "2017.12.21"]
[Round "7.17"]
[White "Munguntuul, Batkhuyag"]
[Black "Lopez Martinez, Josep Manuel"]
[Result "1-0"]
[WhiteTitle "IM"]
[BlackTitle "GM"]
[WhiteElo "2397"]
[BlackElo "2598"]
[WhiteFideId "4900758"]
[BlackFideId "2212943"]
[EventDate "2017.12.15"]

1. e4 c5 2. Nf3 e6 3. d4 cxd4 4. Nxd4 a6 5. Nc3 Ne7 6. Be2 Nec6 7. Be3 d6 8. O-O
Be7 9. f4 O-O 10. Bf3 Nd7 11. Qd2 Nxd4 12. Bxd4 e5 13. Be3 exf4 14. Bxf4 Ne5 15.
Nd5 Be6 16. Kh1 Rc8 17. c3 Bxd5 18. Qxd5 Qc7 19. Rad1 Rcd8 20. Be2 Bf6 21. Bg3
Qe7 22. a4 g6 23. a5 h5 24. h3 Bg7 25. b4 Rd7 26. c4 Rc8 27. Bf2 Qd8 28. Bb6 Qg5
29. Rc1 Bh6 30. Rb1 Bg7 31. Rb3 Qh4 32. Bf2 Qe7 33. Bb6 Qe8 34. b5 Qe7 35. Bf2
Rc5 36. Qd1 Rc8 37. Qd5 Rc5 38. Qd1 Rc8 39. bxa6 bxa6 40. Qd5 Rdc7 41. Rb6 Nxc4
42. Rxa6 Be5 43. Ra8 Qe8 44. Rxc8 Qxc8 45. Bg1 Nxa5 46. Qxa5 Rc3 47. Rf3 Rxf3
48. Bxf3 Qc1 49. Qd5 Kg7 50. Be2 Qf4 51. Qd3 h4 52. Qf3 Qc1 53. Qf1 Qg5 54. Bc4
f6 55. Bd5 Qd2 56. Qb1 Bd4 57. Bxd4 Qxd4 58. Qe1 g5 59. Be6 Kh6 60. Bf5 Qc5 61.
Qa1 Kg7 62. Qb2 Qa7 63. Kh2 Qc7 64. Kg1 d5 65. exd5 Qc5+ 66. Qf2 Qxd5 67. Qa7+
Kf8 68. Qb8+ Ke7 69. Qc7+ Kf8 70. Bc2 Qd4+ 71. Kh2 Qb4 72. Bg6 Qe7 73. Qxe7+
Kxe7 74. Kg1 Ke6 75. Kf2 f5 76. Bh5 Ke5 77. Ke3 Kd5 78. Be2 Ke5 79. Bf3 Kf6 80.
Kd4 g4 81. hxg4 1-0

[Event "Sunway Sitges Open 2017"]
[Site "Sitges ESP"]
[Date "2017.12.21"]
[Round "7.18"]
[White "Eggleston, David J"]
[Black "Alonso Rosell, Alvar"]
[Result "1-0"]
[WhiteTitle "IM"]
[BlackTitle "GM"]
[WhiteElo "2389"]
[BlackElo "2509"]
[WhiteFideId "412120"]
[BlackFideId "2270544"]
[EventDate "2017.12.15"]

1. e4 e6 2. d4 d5 3. Nc3 Nf6 4. Bg5 dxe4 5. Nxe4 Be7 6. Bxf6 Bxf6 7. Nf3 Nd7 8.
Bc4 O-O 9. Qe2 Be7 10. O-O-O c5 11. d5 exd5 12. Bxd5 Qc7 13. Rhe1 Nb6 14. Nc3
Bf6 15. Ne5 Bf5 16. f4 Rad8 17. Nb5 Qe7 18. Bxf7+ Kh8 19. Ng6+ Bxg6 20. Qxe7
Bxe7 21. Bxg6 Rxd1+ 22. Kxd1 Nd5 23. Bd3 Bf6 24. g3 Bxb2 25. Nd6 g6 26. Nxb7 Bd4
27. Nd6 Rb8 28. Bc4 Ne3+ 29. Kd2 Rb6 30. Nf7+ Kg7 31. Rxe3 Bxe3+ 32. Kxe3 Rb2
33. Kd2 Rb1 34. Ng5 Rh1 35. h4 1-0

[Event "Sunway Sitges Open 2017"]
[Site "Sitges ESP"]
[Date "2017.12.21"]
[Round "7.19"]
[White "Valenzuela Gomez, Fernando"]
[Black "Bilguun, Sumiya"]
[Result "0-1"]
[WhiteTitle "FM"]
[BlackTitle "IM"]
[WhiteElo "2385"]
[BlackElo "2459"]
[WhiteFideId "3409392"]
[BlackFideId "4901541"]
[EventDate "2017.12.15"]

1. d4 d5 2. c4 e6 3. Nc3 c6 4. Nf3 dxc4 5. a4 Bb4 6. e4 b5 7. Be2 Nf6 8. O-O
Bxc3 9. bxc3 Nxe4 10. Qc2 Nd6 11. Ba3 O-O 12. h4 f6 13. Nd2 Na6 14. Bf3 Rb8 15.
Rfb1 e5 16. dxe5 fxe5 17. Rd1 Bf5 18. Ne4 b4 19. cxb4 Nxb4 20. Bxb4 Bxe4 21.
Bxe4 Rxb4 22. Qd2 c3 23. Qxd6 Qxd6 24. Rxd6 Rxe4 25. Rxc6 Re2 26. f3 Rd8 27.
Rxc3 Rdd2 28. g4 Rg2+ 29. Kh1 e4 30. fxe4 Rh2+ 31. Kg1 Rdg2+ 32. Kf1 Rxg4 33.
Rac1 Rh1+ 34. Kf2 Rxc1 35. Rxc1 Rxe4 36. Rc8+ Kf7 37. Rc7+ Kf6 38. Rxa7 Rxh4 39.
Kg3 Rb4 40. Ra6+ Kg5 41. Ra5+ Kh6 42. Ra6+ g6 43. Ra7 g5 44. a5 Ra4 45. a6 Ra3+
46. Kg2 Kg6 47. Ra8 h5 48. a7 Kh7 49. Kh2 h4 50. Kg2 g4 51. Kh2 Ra2+ 52. Kg1 g3
53. Rb8 Rxa7 54. Rb4 Ra1+ 55. Kg2 Ra2+ 56. Kg1 Rh2 57. Rg4 Kh6 58. Rg8 Kh5 59.
Rg7 Rb2 60. Rg8 Ra2 61. Rg7 Ra5 62. Kg2 Rg5 63. Rh7+ Kg4 64. Rh8 Rg7 65. Rh6 Ra7
66. Rg6+ Kf5 67. Rg8 Ra2+ 68. Kg1 Kf4 69. Rb8 h3 70. Rb4+ Ke5 71. Rb5+ Kd4 72.
Rb4+ Kc3 73. Rb1 Rd2 74. Ra1 Kb2 0-1

[Event "Sunway Sitges Open 2017"]
[Site "Sitges ESP"]
[Date "2017.12.21"]
[Round "7.20"]
[White "Bjerre, Jonas Buhl"]
[Black "Narciso Dublan, Marc"]
[Result "1/2-1/2"]
[WhiteTitle "FM"]
[BlackTitle "GM"]
[WhiteElo "2365"]
[BlackElo "2456"]
[WhiteFideId "1444948"]
[BlackFideId "2201500"]
[EventDate "2017.12.15"]

1. e4 c6 2. d4 d5 3. Nc3 dxe4 4. Nxe4 Bf5 5. Ng3 Bg6 6. N1e2 e6 7. Nf4 Qc7 8. c3
Nf6 9. h4 Bd6 10. Qf3 Nbd7 11. h5 Bc2 12. h6 g6 13. Bd3 Bxd3 14. Nxd3 Qa5 15.
Bf4 Be7 16. O-O Qd5 17. Qe2 Nh5 18. Nxh5 gxh5 19. Be5 Nxe5 20. dxe5 Qc4 21. Qf3
Qg4 22. Qxg4 hxg4 23. f4 gxf3 24. Rxf3 Rd8 25. Rg3 Bh4 26. Rh3 Rg8 27. Rf1 Be7
28. Rf4 Rg6 29. Rhf3 Rd7 30. Kf1 Bf8 31. Rh4 Rxh6 32. Rxh6 Bxh6 33. Nc5 Rd1+ 34.
Kf2 Rd2+ 35. Kf1 Rxb2 36. Ne4 Bg7 37. Nd6+ Kf8 38. Rxf7+ Kg8 39. Rxb7 Rxb7 40.
Nxb7 Bxe5 41. Nd8 Bxc3 42. Nxc6 a6 43. a4 Kf7 44. Ke2 Kf6 45. Nb8 a5 46. Nc6 Kf5
47. Kd3 Be1 48. Ke2 Bc3 49. Kd3 Be1 1/2-1/2

[Event "Sunway Sitges Open 2017"]
[Site "Sitges ESP"]
[Date "2017.12.21"]
[Round "7.21"]
[White "Kaasen, Tor Fredrik"]
[Black "Cernousek, Lukas"]
[Result "1/2-1/2"]
[WhiteTitle "FM"]
[BlackTitle "IM"]
[WhiteElo "2347"]
[BlackElo "2456"]
[WhiteFideId "1516647"]
[BlackFideId "311707"]
[EventDate "2017.12.15"]

1. e4 e5 2. Nf3 Nc6 3. Bb5 a6 4. Ba4 Nf6 5. O-O Be7 6. d3 b5 7. Bb3 O-O 8. Nc3
d6 9. a3 Be6 10. Nd5 Qd7 11. c3 Bd8 12. Re1 Na5 13. Ba2 Nxd5 14. exd5 Bg4 15. h3
Bf5 16. b4 Nb7 17. d4 exd4 18. Nxd4 Bg6 19. Be3 Bf6 20. Qd2 Rfe8 21. Bb3 Nd8 22.
a4 Rb8 23. axb5 axb5 24. Ra7 Re7 25. Rea1 Qc8 26. Bd1 Bxd4 27. Bxd4 f6 28. Be2
Nf7 29. Bg4 Bf5 30. Qf4 Bd7 31. Bxd7 Qxd7 32. Ra8 Ree8 33. Rxb8 Rxb8 34. Ra7 Ne5
35. Qg3 Kf8 36. Kh2 Qc8 37. Bxe5 fxe5 38. Qh4 h6 39. Qe4 Ra8 40. Qg4 1/2-1/2

[Event "Sunway Sitges Open 2017"]
[Site "Sitges ESP"]
[Date "2017.12.21"]
[Round "7.22"]
[White "Yankelevich, Lev"]
[Black "Lillo Castany, Victor"]
[Result "1-0"]
[WhiteTitle "IM"]
[BlackTitle "FM"]
[WhiteElo "2435"]
[BlackElo "2396"]
[WhiteFideId "24684074"]
[BlackFideId "2278995"]
[EventDate "2017.12.15"]

1. Nf3 Nf6 2. c4 e6 3. g3 d5 4. d4 Bb4+ 5. Bd2 Bd6 6. Bg2 c6 7. Nc3 O-O 8. O-O
Nbd7 9. b3 Qe7 10. Qc2 Re8 11. Rfe1 b6 12. e4 Nxe4 13. Nxe4 dxe4 14. Qxe4 Bb7
15. Bg5 Qf8 16. Ne5 Nxe5 17. dxe5 Bb4 18. Red1 h6 19. Be3 Red8 20. Bf1 Rab8 21.
Bd3 g6 22. Qh4 h5 23. Bg5 Bc3 24. Bxd8 Rxd8 25. Bxg6 Re8 26. Qxh5 1-0

[Event "Sunway Sitges Open 2017"]
[Site "Sitges ESP"]
[Date "2017.12.21"]
[Round "7.23"]
[White "Kumar, Nikhil"]
[Black "Cruz, Jonathan"]
[Result "0-1"]
[WhiteTitle "FM"]
[BlackTitle "IM"]
[WhiteElo "2271"]
[BlackElo "2432"]
[WhiteFideId "30909040"]
[BlackFideId "3802124"]
[EventDate "2017.12.15"]

1. d4 Nf6 2. Nf3 c5 3. e3 g6 4. Be2 Bg7 5. O-O O-O 6. d5 d6 7. c4 e5 8. Nc3 e4
9. Nd2 Re8 10. Qc2 Bf5 11. Rb1 Nbd7 12. b4 b6 13. Ba3 h5 14. bxc5 bxc5 15. Nb5
Ne5 16. Nb3 Nf3+ 17. gxf3 exf3 18. Qd1 fxe2 19. Qxe2 Bxb1 20. Rxb1 Ne4 21. Bb2
a6 22. Na3 Qg5+ 23. Kh1 Qh4 24. Bxg7 Nxf2+ 25. Kg1 Nh3+ 26. Kh1 Kxg7 27. Rf1
Qe4+ 28. Qf3 Ng5 29. Qxe4 Rxe4 30. Na5 Rxe3 31. Nc2 Re2 32. Ne1 Rxa2 33. Nb7 Ne4 0-1

[Event "Sunway Sitges Open 2017"]
[Site "Sitges ESP"]
[Date "2017.12.21"]
[Round "7.24"]
[White "Matinian, Nikita"]
[Black "Arman, Deniz"]
[Result "0-1"]
[WhiteTitle "GM"]
[BlackTitle "FM"]
[WhiteElo "2499"]
[BlackElo "2324"]
[WhiteFideId "24129100"]
[BlackFideId "6302106"]
[EventDate "2017.12.15"]

1. e4 Nf6 2. e5 Nd5 3. d4 d6 4. Nf3 g6 5. Bc4 c6 6. O-O Bg7 7. Re1 Bg4 8. h3
Bxf3 9. Qxf3 dxe5 10. dxe5 e6 11. Nd2 Nd7 12. Qg3 h5 13. Nf3 h4 14. Qg4 Qc7 15.
Bg5 Nxe5 16. Nxe5 Bxe5 17. Rad1 Kf8 18. Bxh4 Kg7 19. Bb3 f5 20. Qc4 b5 21. Qe2
Bh2+ 22. Kh1 Rxh4 23. Qxe6 Rd8 24. Bxd5 cxd5 25. Rxd5 Rxd5 26. Qxd5 Bd6 27. Re6
Be7 28. Rc6 Qd8 29. Qe5+ Bf6 30. Qxb5 Re4 31. g3 Qd1+ 32. Kg2 Re1 33. Qb7+ Re7
34. Rc7 Qd6 35. Rxe7+ Qxe7 36. Qxe7+ Bxe7 37. Kf3 Kf6 38. c3 Ke5 39. Ke2 g5 40.
b4 Bd8 41. a4 Ke4 42. a5 g4 43. h4 f4 44. h5 f3+ 45. Kd2 Bg5+ 46. Kc2 Be3 47. b5
Kf5 48. b6 Bxf2 49. h6 Kg6 50. c4 Bxb6 0-1

[Event "Sunway Sitges Open 2017"]
[Site "Sitges ESP"]
[Date "2017.12.21"]
[Round "7.25"]
[White "Sankalp, Gupta"]
[Black "Karthik, Venkataraman"]
[Result "1/2-1/2"]
[BlackTitle "FM"]
[WhiteElo "2295"]
[BlackElo "2475"]
[WhiteFideId "5097010"]
[BlackFideId "25006479"]
[EventDate "2017.12.15"]

1. e4 g6 2. d4 Bg7 3. Nc3 a6 4. Nf3 d6 5. Be2 Nd7 6. Be3 b5 7. a3 Bb7 8. h3 Ngf6
9. d5 c6 10. dxc6 Bxc6 11. Qd3 O-O 12. O-O Bb7 13. Bd4 Rc8 14. Rfe1 Qc7 15. Rad1
Rfd8 16. Bxf6 Nxf6 17. Qe3 e6 18. Bf1 Nd7 19. Nd4 Ne5 20. Rd2 Nc6 21. Nce2 Qb6
22. c3 Na5 23. Ng3 Qc7 24. h4 Qe7 25. h5 Qf8 26. Rdd1 Bh6 27. Qd3 Nc4 28. Qb1
Ne5 29. a4 bxa4 30. Qa2 Qe7 31. Qxa4 Qh4 32. Be2 Bf4 33. Nf3 Nxf3+ 34. Bxf3 Bxg3
35. fxg3 Qxg3 36. Qb4 Rb8 37. Re3 Bc6 38. Qa3 Bb5 39. c4 Be8 40. Red3 Rd7 41. c5 1/2-1/2

[Event "Sunway Sitges Open 2017"]
[Site "Sitges ESP"]
[Date "2017.12.21"]
[Round "7.26"]
[White "Romanishin, Oleg M"]
[Black "Garcia Martin, Marta"]
[Result "1/2-1/2"]
[WhiteTitle "GM"]
[BlackTitle "FM"]
[WhiteElo "2458"]
[BlackElo "2316"]
[WhiteFideId "14100088"]
[BlackFideId "32084030"]
[EventDate "2017.12.15"]

1. Nf3 d5 2. g3 Bg4 3. Bg2 Nd7 4. c4 e6 5. d4 c6 6. Nc3 Ngf6 7. Qb3 Qb6 8. c5
Qa6 9. O-O Be7 10. Re1 b6 11. cxb6 axb6 12. e4 O-O 13. h3 Bh5 14. exd5 Nxd5 15.
Ne4 c5 16. dxc5 bxc5 17. Nc3 Rab8 18. Qd1 Nxc3 19. bxc3 Rfd8 20. Qe2 Qxe2 21.
Rxe2 Bf6 22. Bf4 e5 23. Bd2 e4 24. Rxe4 Bxf3 25. Bxf3 Ne5 26. Rxe5 Bxe5 27. Be1
Bc7 28. a4 Rd6 29. a5 Ra6 30. c4 Kf8 31. Kg2 Be5 32. Ra2 Rb1 33. Bd2 Rb3 34. Bd5
Bc3 35. Bxc3 Rxc3 36. Bb7 Ra7 37. Bd5 Ra6 38. Bb7 Ra7 39. Bd5 Ra6 40. Bb7 Ra7 1/2-1/2

[Event "Sunway Sitges Open 2017"]
[Site "Sitges ESP"]
[Date "2017.12.21"]
[Round "7.27"]
[White "Das, Arghyadip"]
[Black "Charochkina, Daria"]
[Result "0-1"]
[WhiteTitle "IM"]
[BlackTitle "IM"]
[WhiteElo "2451"]
[BlackElo "2317"]
[WhiteFideId "5003610"]
[BlackFideId "4180917"]
[EventDate "2017.12.15"]

1. e4 c6 2. d4 d5 3. Nd2 dxe4 4. Nxe4 Bf5 5. Ng3 Bg6 6. c3 Nd7 7. Nh3 Ngf6 8.
Nf4 e5 9. Nxg6 hxg6 10. dxe5 Nxe5 11. Qxd8+ Rxd8 12. Be3 b6 13. h3 Nd5 14. Bd2
f5 15. O-O-O Kf7 16. Be2 Bc5 17. Rhf1 b5 18. Kc2 a5 19. Bc1 a4 20. Rde1 Kf6 21.
Bd1 Nd3 22. Kxd3 Ne3+ 23. Ke2 Nxg2 24. Bc2 Rde8+ 25. Ne4+ fxe4 26. Bg5+ Kf5 27.
Rd1 Rxh3 28. Rg1 Rh2 29. Rxg2 Rxg2 30. Be3 Bxe3 31. Kxe3 Rh2 32. Rd6 Rh3+ 33.
Kd4 Rf3 34. Rd7 Re6 35. Rf7+ Kg5 0-1

[Event "Sunway Sitges Open 2017"]
[Site "Sitges ESP"]
[Date "2017.12.21"]
[Round "7.28"]
[White "Santarius, Erik"]
[Black "Das, Sayantan"]
[Result "1-0"]
[WhiteTitle "FM"]
[BlackTitle "IM"]
[WhiteElo "2299"]
[BlackElo "2442"]
[WhiteFideId "2025817"]
[BlackFideId "5034426"]
[EventDate "2017.12.15"]

1. d4 Nf6 2. c4 g6 3. Nc3 d6 4. e4 Bg7 5. Bd3 O-O 6. Nge2 e5 7. d5 c6 8. h3 Nh5
9. g4 Nf6 10. Be3 Nbd7 11. Qd2 cxd5 12. cxd5 a6 13. a4 Nc5 14. Bc2 Qa5 15. f3
Qb4 16. Nd1 a5 17. Nc1 Qb6 18. b3 Qc7 19. Nb2 b6 20. Na2 Nfd7 21. Nc3 Ba6 22.
Nb5 Bxb5 23. axb5 f5 24. gxf5 gxf5 25. Rg1 fxe4 26. Bh6 Rf7 27. b4 Nd3+ 28. Nxd3
exd3 29. Bxd3 Nf6 30. bxa5 Kh8 31. Be3 bxa5 32. b6 Qd8 33. Rxa5 Rb8 34. Ra7 Nd7
35. Qf2 Bf6 36. Rg4 Be7 37. Rc7 Nf6 38. Qc2 Nxd5 39. Qc4 Bh4+ 40. Rxh4 Nxc7 41.
Qxf7 Qxh4+ 42. Bf2 Qxh3 43. bxc7 Qh1+ 44. Kd2 Qh6+ 45. Kc2 Rf8 46. Qd7 Qh2 47.
Kb3 Qh1 48. c8=Q Qd1+ 49. Bc2 Qd5+ 50. Kb2 1-0

[Event "Sunway Sitges Open 2017"]
[Site "Sitges ESP"]
[Date "2017.12.21"]
[Round "7.29"]
[White "Garriga Cazorla, Pere"]
[Black "Mehar, Chinna Reddy C.H."]
[Result "1-0"]
[WhiteTitle "IM"]
[BlackTitle "FM"]
[WhiteElo "2406"]
[BlackElo "2287"]
[WhiteFideId "32011601"]
[BlackFideId "5027420"]
[EventDate "2017.12.15"]

1. d4 d5 2. c4 c6 3. Nf3 Nf6 4. Nc3 a6 5. g3 e6 6. Bg2 Be7 7. O-O O-O 8. b3 a5
9. Qc2 b6 10. e4 Bb7 11. Rd1 Na6 12. Ne5 Rc8 13. Bb2 Bb4 14. exd5 cxd5 15. Rac1
Qc7 16. a3 Bxc3 17. Qxc3 a4 18. Qe3 dxc4 19. Rxc4 Qe7 20. Nc6 Bxc6 21. Bxc6 axb3
22. Rdc1 Nb8 23. Bf3 Rxc4 24. Rxc4 Qd8 25. Qxb3 Nd5 26. a4 Nd7 27. Rc1 N7f6 28.
Be2 Qa8 29. Qc4 h6 30. Ba3 Rd8 31. Qa6 Qxa6 32. Bxa6 Ra8 33. Bb5 Ne4 34. Bb2 Nd6
35. Bc6 Rc8 36. Kf1 Nb4 37. Bf3 Rxc1+ 38. Bxc1 Nd5 39. Ke2 Kf8 40. Kd3 Ke8 41.
Ba3 Nf5 42. Kc4 Nc7 43. Bc6+ Kd8 44. Bf8 h5 45. d5 exd5+ 46. Bxd5 Nxd5 47. Kxd5
Kd7 48. h3 g6 49. Ke5 Ke8 50. Bb4 Kd7 51. Kd5 Ng7 52. Bd2 Ne8 53. Be3 Kc7 54.
Bd4 Kb7 55. Be5 b5 56. axb5 Kb6 57. Kc4 f6 58. Bd4+ Kb7 59. Kc5 g5 60. b6 h4 61.
g4 Ng7 62. Kd5 Ne8 63. Ke6 Kc6 64. Bxf6 1-0

[Event "Sunway Sitges Open 2017"]
[Site "Sitges ESP"]
[Date "2017.12.21"]
[Round "7.30"]
[White "Ayats Llobera, Gerard"]
[Black "Raghunandan, Kaumandur Srihari"]
[Result "0-1"]
[WhiteTitle "FM"]
[BlackTitle "IM"]
[WhiteElo "2285"]
[BlackElo "2404"]
[WhiteFideId "32067607"]
[BlackFideId "25004964"]
[EventDate "2017.12.15"]

1. e4 c5 2. Nf3 d6 3. d4 cxd4 4. Nxd4 Nf6 5. Nc3 a6 6. Be2 e5 7. Nf3 Be7 8. Bg5
Be6 9. Bxf6 Bxf6 10. O-O O-O 11. Qd3 Be7 12. Nd5 Nd7 13. Rfd1 Rc8 14. c3 Rc6 15.
Qe3 Bxd5 16. Rxd5 Qb8 17. Ne1 Nf6 18. Rd2 d5 19. exd5 Bc5 20. Qf3 e4 21. Qf5 g6
22. Qg5 e3 23. fxe3 Ne4 24. Qh4 Bxe3+ 25. Kh1 Nf2+ 26. Qxf2 Bxf2 27. dxc6 Qf4
28. Nf3 Be3 29. Rdd1 bxc6 30. Bxa6 Ra8 31. Be2 Ra5 32. Nd4 Rg5 33. Rf1 Qb8 34.
b3 c5 35. Nc6 Qc7 36. Rf6 Bf4 37. Rf1 Bxh2 38. Rxf7 Qxc6 39. Rf8+ Kg7 40. R1f7+
Kh6 41. Bf3 Qd6 42. Rh8 Re5 43. Rhxh7+ Kg5 44. Kxh2 Re7+ 45. g3 Qd2+ 46. Bg2 Re2 0-1

[Event "Sunway Sitges Open 2017"]
[Site "Sitges ESP"]
[Date "2017.12.21"]
[Round "7.31"]
[White "Santagati, Alessandro"]
[Black "Tania, Sachdev"]
[Result "0-1"]
[WhiteTitle "FM"]
[BlackTitle "IM"]
[WhiteElo "2269"]
[BlackElo "2400"]
[WhiteFideId "814644"]
[BlackFideId "5007844"]
[EventDate "2017.12.15"]

1. e4 e5 2. Nf3 Nc6 3. d4 exd4 4. Nxd4 Nf6 5. Nxc6 bxc6 6. Bd3 d6 7. O-O Be7 8.
Re1 O-O 9. Nd2 Bg4 10. f3 Be6 11. Nf1 Nd7 12. c3 a5 13. f4 Nc5 14. f5 Nxd3 15.
Qxd3 Bd7 16. Bf4 Bg5 17. Bg3 a4 18. Rad1 Ra5 19. Nd2 Rb5 20. Qc2 Qc8 21. c4 Rb4
22. Nf3 Be7 23. Qc3 Qb7 24. e5 d5 25. cxd5 cxd5 26. f6 Bd8 27. fxg7 Re8 28. Rxd5
Be6 29. Rd2 Bxa2 30. Red1 Be7 31. Rd7 Rxb2 32. e6 Qb6+ 33. Kh1 Rb1 34. exf7+
Bxf7 35. Bxc7 Qb5 36. Qd2 Rxd1+ 37. Qxd1 Bb3 38. Qd3 Bc4 39. Qd1 a3 40. Be5 Bb3
41. Nd4 Bxd1 42. Nxb5 Ba4 43. Rb7 Bxb5 44. Rxb5 Bf6 0-1

[Event "Sunway Sitges Open 2017"]
[Site "Sitges ESP"]
[Date "2017.12.21"]
[Round "7.32"]
[White "Soham, Das"]
[Black "Ootes, Lars"]
[Result "1/2-1/2"]
[BlackTitle "IM"]
[WhiteElo "2263"]
[BlackElo "2384"]
[WhiteFideId "35026763"]
[BlackFideId "1019708"]
[EventDate "2017.12.15"]

1. e4 d6 2. d4 Nf6 3. Nc3 g6 4. Bg5 c6 5. Qd2 b5 6. Bd3 Bg7 7. Bh6 O-O 8. Bxg7
Kxg7 9. e5 dxe5 10. dxe5 Ng4 11. Nf3 Nd7 12. Qg5 Ndxe5 13. Nxe5 f6 14. Nxc6 Qb6
15. Qd2 Qxc6 16. h3 Ne5 17. Be4 Qe6 18. O-O Rb8 19. Rfe1 b4 20. Nd5 Qd6 21. f4
Nc6 22. Rad1 Qc5+ 23. Qe3 1/2-1/2

[Event "Sunway Sitges Open 2017"]
[Site "Sitges ESP"]
[Date "2017.12.21"]
[Round "7.33"]
[White "Perez Mitjans, Orelvis"]
[Black "Zherebtsova, Alexandra"]
[Result "1-0"]
[WhiteTitle "GM"]
[BlackTitle "WFM"]
[WhiteElo "2381"]
[BlackElo "2243"]
[WhiteFideId "3502856"]
[BlackFideId "24129518"]
[EventDate "2017.12.15"]

1. e4 e5 2. Nf3 Nc6 3. Bc4 Bc5 4. b4 Bxb4 5. c3 Ba5 6. d4 d6 7. O-O Bb6 8. dxe5
dxe5 9. Bd5 Nge7 10. Ba3 f6 11. Nh4 g6 12. Qf3 Nxd5 13. exd5 Na5 14. Nd2 Kf7 15.
Rae1 Re8 16. c4 Bd4 17. Qg3 a6 18. Nhf3 Ba7 19. Bb4 c6 20. Ne4 Nxc4 21. dxc6 Qb6
22. Qh4 Qxb4 23. Qxh7+ Ke6 24. Qxg6 Rf8 25. Rd1 Ke7 26. Rb1 Nb2 27. Rfc1 b5 28.
Rc2 Bd4 29. Nxd4 Qxd4 30. Rcxb2 Be6 31. Rd2 Qb6 32. Rbd1 Qxc6 33. Rd6 Qc7 34. g4
Rab8 35. g5 1-0

[Event "Sunway Sitges Open 2017"]
[Site "Sitges ESP"]
[Date "2017.12.22"]
[Round "8.1"]
[White "Aravindh, Chithambaram VR."]
[Black "Shankland, Samuel"]
[Result "1/2-1/2"]
[WhiteTitle "GM"]
[BlackTitle "GM"]
[WhiteElo "2586"]
[BlackElo "2662"]
[WhiteFideId "5072786"]
[BlackFideId "2004887"]
[EventDate "2017.12.15"]

1. e4 e5 2. Nf3 Nc6 3. Bb5 a6 4. Ba4 Nf6 5. O-O b5 6. Bb3 Bc5 7. a4 Rb8 8. c3 d6
9. d4 Bb6 10. a5 Ba7 11. h3 O-O 12. Be3 Ra8 13. Nbd2 h6 14. Re1 Re8 15. Qc2 Bb7
16. dxe5 dxe5 17. Bxa7 Nxa7 18. c4 Qe7 19. cxb5 axb5 20. a6 Bc6 21. Qc3 Rab8 22.
Nh4 Nxe4 23. Bxf7+ Kxf7 24. Qb3+ Qe6 25. Qxe6+ Rxe6 26. Nxe4 Bxe4 27. Rxe4 Rbb6
28. Nf3 Rxa6 29. Rc1 Nc6 30. Rc5 Rb6 31. Nxe5+ Rxe5 32. Rexe5 Nxe5 33. Rxe5 c6
34. f4 Ra6 35. Kf2 Ra4 36. Kf3 Rb4 37. Rc5 Rb3+ 38. Kg4 Rxb2 39. g3 Re2 40. Rxc6
Re6 41. Rc3 b4 42. Rb3 Rb6 43. Kf5 Rb8 44. Ke5 h5 45. g4 hxg4 1/2-1/2

[Event "Sunway Sitges Open 2017"]
[Site "Sitges ESP"]
[Date "2017.12.22"]
[Round "8.2"]
[White "Melkumyan, Hrant"]
[Black "Salem, A.R. Saleh"]
[Result "1/2-1/2"]
[WhiteTitle "GM"]
[BlackTitle "GM"]
[WhiteElo "2633"]
[BlackElo "2638"]
[WhiteFideId "13302485"]
[BlackFideId "9301348"]
[EventDate "2017.12.15"]

1. d4 Nf6 2. Nf3 d5 3. c4 e6 4. Nc3 c6 5. Bg5 dxc4 6. a4 b5 7. axb5 cxb5 8. Nxb5
Qb6 9. Nc3 Qxb2 10. Bd2 Bb4 11. Rb1 Qa3 12. Nb5 Bxd2+ 13. Qxd2 Qe7 14. e3 O-O
15. Bxc4 Bb7 16. Qb4 Qxb4+ 17. Rxb4 a5 18. Rb2 Bxf3 19. gxf3 Rc8 20. Na3 Nc6 21.
Ke2 Nb4 22. Kd2 Kf8 23. Ra1 Ne8 24. Be2 Nd6 25. Nc2 Nd5 26. Na3 Ke7 27. Rc2
Rxc2+ 28. Nxc2 g5 29. Bd3 h6 30. Rb1 Kd7 31. Ra1 Ne7 32. Na3 Nc6 33. Nc4 Nxc4+
34. Bxc4 Kd6 35. Bb5 Nb4 36. Ba4 Ra7 37. Bb3 f6 38. Kc3 Nc6 39. Ra4 Rc7 40. Kd2
Rb7 41. Kc3 Rb5 42. Ra1 e5 43. Bc2 exd4+ 44. exd4 Ne7 45. Be4 Kc7 46. Bd3 Nd5+
47. Kc2 Rb4 48. Rxa5 Rxd4 49. Be4 Kd6 50. Ra6+ Ke5 51. Ra5 h5 52. Bg6 h4 53. Bf7
Kd6 54. Ra6+ Ke7 55. Ra7+ Kd6 56. Ra6+ Ke7 57. Ra7+ Kf8 58. Bxd5 Rxd5 59. h3 Rd4
60. Rb7 Ke8 61. Ra7 Kd8 62. Rb7 Ke8 63. Ra7 Kf8 64. Rb7 Ke8 1/2-1/2

[Event "Sunway Sitges Open 2017"]
[Site "Sitges ESP"]
[Date "2017.12.22"]
[Round "8.3"]
[White "Kozul, Zdenko"]
[Black "Liang, Awonder"]
[Result "1-0"]
[WhiteTitle "GM"]
[BlackTitle "GM"]
[WhiteElo "2607"]
[BlackElo "2573"]
[WhiteFideId "14502879"]
[BlackFideId "2056437"]
[EventDate "2017.12.15"]

1. d4 Nf6 2. c4 e6 3. g3 d5 4. Bg2 Bb4+ 5. Nd2 O-O 6. Nf3 b6 7. O-O Bb7 8. Ne5
Nbd7 9. Qa4 Bxd2 10. Bxd2 Nxe5 11. dxe5 Nd7 12. cxd5 Bxd5 13. Rfd1 Bxg2 14. Kxg2
Nxe5 15. Bc3 Qg5 16. Qb5 Nf3 17. Qc4 Ne5 18. Qxc7 Ng4 19. Rac1 Nf6 20. Bxf6 Qxf6
21. Rc3 Rad8 22. Rxd8 Qxd8 23. Qxa7 Qd5+ 24. f3 Qb5 25. Rc2 h6 26. Qc7 Qb4 27.
a3 Qd4 28. Qc3 Qd5 29. Rd2 Qb7 30. Rd6 Rc8 31. Qd4 b5 32. Kf2 Qc7 33. Rd7 Qc6
34. Qa7 Rf8 35. Qc7 Qa6 36. Qd6 Qa4 37. Rb7 Qb3 38. Qe5 Rd8 39. Rxb5 Qa4 40. Rb4
Qa7+ 41. Qe3 Qc7 42. Rd4 Rc8 43. b4 Ra8 44. b5 Qa5 45. Rb4 1-0

[Event "Sunway Sitges Open 2017"]
[Site "Sitges ESP"]
[Date "2017.12.22"]
[Round "8.4"]
[White "Hambleton, Aman"]
[Black "Peralta, Fernando"]
[Result "1/2-1/2"]
[WhiteTitle "IM"]
[BlackTitle "GM"]
[WhiteElo "2474"]
[BlackElo "2556"]
[WhiteFideId "2606577"]
[BlackFideId "105309"]
[EventDate "2017.12.15"]

1. d4 Nf6 2. Bf4 d5 3. e3 c5 4. Nf3 Nc6 5. Nbd2 cxd4 6. exd4 Bg4 7. c3 a6 8. h3
Bxf3 9. Qxf3 e6 10. Bd3 Bd6 11. Bg5 Be7 12. O-O 1/2-1/2